|
|
|
|
| LEADER |
00921pam a22002658a 4500 |
| 001 |
00018854 |
| 005 |
20171026081022.0 |
| 008 |
110504s1997 ||||||Viesd |
| 041 |
0 |
# |
|a Vie
|
| 082 |
1 |
4 |
|a 801
|b L600L
|
| 100 |
0 |
# |
|a Hà Minh Đức
|e Chủ biên
|
| 245 |
0 |
0 |
|a Lý luận văn học
|c Hà Minh Đức; Đỗ Văn Khang, Phạm Thành Hưng
|
| 260 |
# |
# |
|a H.
|b Giáo dục
|c 1997
|
| 300 |
# |
# |
|a 326 tr.
|c 21 cm.
|
| 650 |
# |
4 |
|a Giáo trình
|
| 653 |
# |
# |
|a Lý luận văn học
|
| 653 |
# |
# |
|a Tác phẩm văn học
|
| 653 |
# |
# |
|a Sáng tác
|
| 700 |
0 |
# |
|a Phạm Thành Hưng
|
| 700 |
0 |
# |
|a Đỗ Văn Khang
|
| 852 |
# |
# |
|b Kho mượn
|j KM.0005543, KM.0005544, KM.0009419
|
| 852 |
# |
# |
|j KD.0004294
|j KM.0005544
|j KM.0009419
|j KM.0005543
|
| 852 |
# |
# |
|b Kho đọc
|j KD.0004294
|
| 910 |
|
|
|d 04/05/2011
|
| 980 |
# |
# |
|a Trung tâm Học liệu Lê Vũ Hùng, Trường Đại học Đồng Tháp
|